500 3D-objects

Bibliographic Details
Main Author: Taschen
Format: Book
Subjects:

MARC

LEADER 00000cam a2200000 7i4500
001 0000011688
005 20050430.0
020 |a 3822816213 
040 |a INS 
090 0 0 |a TR897   |b 7T 
100 1 |a Taschen 
245 1 0 |a 500 3D-objects   |c Taschen 
300 |a 511p :   |b 16cm 
650 0 0 |a Computer animation 
999 |a 0000011990   |b BOOK   |c Open Shelf   |e Default branch